000 01261cam a2200325 4500
001 WS118838
008 020715n 000 0 eng u
035 _a(Sirsi) u118838
110 _aUnited Kingdom
_bDepartment of Trade and Industry
245 _aDTI : Communications and Information Industries Directorate
520 _aWeb site for this government agency which works with industry and the science base to improve the global competitiveness of the UK's communications, information and electronics businesses. Includes details of their work in developing the information society, e-commerce, regulations and data security.
650 _aGOVERNMENT
650 _aCOMMUNICATIONS
650 _aMANAGEMENT-BUSINESS MANAGEMENT-INFORMATION MANAGEMENT
650 _aE-COMMERCE
650 _aREGULATIONS
650 _aINFORMATION SOCIETY
650 _aE-SIGNATURES
650 _aBS 7799
650 _aDATA PROTECTION
650 _aBROADCASTING
650 _aELECTRONICS
650 _aSOFTWARE
650 _aMOBILE PHONES
650 _aTELEWORKING
650 _aTELECOMMUNICATIONS
690 _aTRANSPORT AND COMMUNICATIONS
856 4 0 _uhttps://www.dti.gov.uk/cii
_zView the website free of charge at www.dti.gov.uk/cii...
942 _n0
999 _c120103
_d120103